Générique Goldorak - Paroles - Statistiques

Statistiques générales
  • Ce quiz a été pris 200 fois
  • Le résultat moyen est 13 sur 16
Statistiques - réponses
Paroles % Correct
Là-haut, là-{haut}
99%
Très loin dans l'{espace}
98%
La planète {bleue}
85%
Du Prince {Actarus}
84%
Le ciel garde encore la {trace}
84%
Il rêvait de notre {Terre}
83%
Ce chevalier des {temps} nouveaux
80%
Dont il voyait la {lumière}
79%
A cent mille {lieux}
78%
Actarus à bord de {Goldorak}
78%
Que l'on va vous {raconter}
74%
Entre la Terre et {Vénus}
72%
Dans son merveilleux {robot}
71%
Se bat pour l'{humanité}
71%
De lumière et d'{acier}
69%
Voici la {légende}
67%
Aucun quiz correspondant
Distribution des résultats
% des personnes avec chaque résultat
Percentile par nombre de réponses
Votre historique - résultats
Vous n’avez pas pris ce quiz